Billie Eilish - Albums par ordre chronologique - Statistiques

Statistiques générales
  • Ce quiz a été pris 78 fois
  • Le résultat moyen est 5 sur 5
Statistiques - réponses
Années Albums % Correct
2021 Happier Than Ever
97%
2024 Hit Me Hard and Soft
97%
2019 When We All Fall Asleep, Where Do We Go?
96%
2017 Don't Smile at Me
94%
2022 Guitar Songs
84%
Aucun quiz correspondant
Distribution des résultats
% des personnes avec chaque résultat
Percentile par nombre de réponses
Votre historique - résultats
Vous n’avez pas pris ce quiz